Mirror of language : the debate on bilingualism /

Bibliographic Details
Main Author: Hakuta, Kenji
Format: Book
Language:English
Published: New York : Basic Books, [1985]
Subjects:

MARC

Tag First Indicator Second Indicator Subfields
LEADER 00000cam a22000008a 4500
001 in00000382421
005 20151011125157.0
008 850930s1985 nyu b 00110 eng
010 |a  85045313  
020 |a 0465046363 :  |c $18.95 
035 |a (OCoLC)12724762 
035 |9 ABS6945AM 
039 0 |a 2  |b 3  |c 3  |d 3  |e 3 
040 |a DLC  |c DLC  |d TXA  |d UtOrBLW 
049 |a TXAM  |c [A08691763] 
050 0 0 |a P115  |b .H34 1985 
082 0 |a 404/.2  |2 19 
100 1 |a Hakuta, Kenji. 
245 1 0 |a Mirror of language :  |b the debate on bilingualism /  |c Kenji Hakuta. 
264 1 |a New York :  |b Basic Books,  |c [1985] 
264 4 |c ©1985 
300 |a xi, 268 pages 
336 |a text  |b txt  |2 rdacontent 
337 |a unmediated  |b n  |2 rdamedia 
338 |a volume  |b nc  |2 rdacarrier 
500 |a Includes index. 
504 |a Bibliography: pages 243-255. 
650 0 |a Bilingualism. 
650 0 |a Language acquisition. 
999 |a MARS 
999 f f |s a97129ff-a9ec-3326-964e-b1ec387f3b6d  |i 8aa130a4-f22b-37a7-b511-e0373bf46e32  |t 0 
952 f f |p normal  |a Texas A&M University  |b College Station  |c Sterling C. Evans Library  |s Evans stk  |d Evans: Library Stacks  |t 0  |e P115 .H34 1985  |h Library of Congress classification  |i unmediated -- volume  |m A14808691763 
998 f f |a P115 .H34 1985  |t 0  |l Evans: Library Stacks